Význam svatebních obřadů v Liptovské Lúžne v roce 1947 /

Hlavní autor: Strejčková, Jaroslava, 1924-2005
Korporativní autor: Univerzita Karlova. Filozofická fakulta
Jazyk: Čeština
Vydáno: [Praha : Filosofická fakulta University Karlovy, 1950]
Fyzický popis: 136 s.
Knihy
Uloženo v:
LEADER 00763nam a2200205 a 4500
001 000645037
003 CZ BrMZK
005 20030115130229.0
007 ta
008 030110s1950 xr f cze d
040 |a BOA001  |b cze  |c BOA001 
100 1 |a Strejčková, Jaroslava,  |d 1924-2005  |7 jk01121412  |4 dis 
245 1 0 |a Význam svatebních obřadů v Liptovské Lúžne v roce 1947 /  |c Jaroslava Strejčková 
260 |a [Praha :  |b Filosofická fakulta University Karlovy,  |c 1950] 
300 |a 136 s. 
502 |a Disertace -- Univerzita Karlova, [1950] 
710 2 |a Univerzita Karlova.  |b Filozofická fakulta  |7 kn20010710340 
910 |a BOA001  |b 4-0251.505 
990 |a BK 
996 7 |b 2619203735  |c 4-0251.505  |l MZK  |r Sklad / do 24 hodin  |n 1  |w 000645037  |u 000010  |a 1  |e BOA001  |j MZK50  |s A